1402 1679 1946 1991 1731 1057 1527 1034 1675 1140 1571 1937 1996 1706 1629 1223 1616 1345 1493 1176 1975 1192 1102 1657 1429 1645 1374 1646 1051 1542 1936 1712 1667 1111 1392 1383 1522 1869 1803 1402 1323 1231 1628 1065 1228 1360 1372 1714 1128 1198 1114 1888 1158 1261 1281 1192 1710 1300 1300 1017 1974 1691 1450 1385 1231 1099 1166 1982 1744 1284 1906 1629 1900 1954 1296 1728 1349 1616 1825 1378 1585 1401 1465 1074 1625 1233 1836 1146 1792 1936 1071 1357 1083 1219 1975 1964 1074 1310 1746 BCNSPRNW ULIB Ver.6.0+V

เปลี่ยนเป็นภาษาไทย

Change to English
 แสดงรายละเอียดบรรณานุกรม
  กลับหน้าหลัก

Brief Record : Get Marc (ISO 2709) : E-mail record : QR code < ปิดหน้าต่าง
LEADER : 00000nam 2200000uu 4500
001    13399112823
003     ULIB
008    110912s2000||||th 000 0 eng d
020    9749524659
050  4 LB2325^bB952S 2000
245 00 Standard criteria Thai higher education /^cedited by Sangrawee Chaopricha, Suvichakorn Chinapha ; tr. by Porntip Kanjananiyot
260    Bangkok :^bBureau of Higher Education Standards, Ministryof University Affairs,^c[2000?]
300    iii, 43 p. ;^c22 cm.
650  0 Education, Higher^xAdministation
650  0 Higher education and state^zThailand
650  0 Education, Higher^xStandards
700 0  Sangrawee Chaopricha,^eed
700 0  Suvichakorn Chinapha,^eed
700 0  Porntip Kanjananiyot,^tr.
710 1  Thailand. ^bMinistry of University Affairs. ^bBureau ofHigher Education Standards
945    ^p0^l0^i015916
945    ^p0^l0^i015917
995    ทศพร
999 ^a ทศพร
รายการนี้ยังไม่มีแท็ก
คุณยังไม่ได้ล็อกอิน คุณสามารถมีกิจกรรมร่วมกับเว็บไซต์ได้ แต่ต้องล็อกอินก่อน ::
  ล็อกอิน

รายการสื่อสารสนเทศ

ลำดับที่ ประเภท เลขเรียก/บาร์โค้ด สถานที่ สถานะ
- ไม่พบข้อมูล -

BibComment


ยังไม่เคยถูกคอมเมนท์

คอมเมนท์ทรัพยากรรายการนี้
  คอมเมนท์: Standard criteria..


 Copyright 2026. Bcnsprnw @Library